| 000 | 00451nam a2200145 4500 | ||
|---|---|---|---|
| 001 | 109568 | ||
| 003 | ES-MaACL | ||
| 007 | t| | ||
| 008 | 061121s1968 sp r ||||1| spa d | ||
| 100 | 1 |
_aMunar y Oliver, Gaspar. _984169 |
|
| 245 | 1 | 4 |
_aLos santuarios marianos de Mallorca / _cGaspar Munar y Oliver. |
| 260 |
_aPalma de Mallorca : _bImprenta SS. Corazones, _c1968. |
||
| 300 |
_aVII, 495 p. : _bil. ; _c24 cm. |
||
| 852 |
_aES-MaACL _jB-8569 _bR.66379 |
||
| 999 |
_c109568 _d109568 |
||